000 01124nam2a2200241 4500
001 RU\NLR\BIBL_A\022466025
005 20250303175326.0
010 _a978-5-17-16214-3
_bт. 3
_97000
021 _aRU
_bАЛ-П-24-01233и
_9АЛ-П-24-0257
035 _a(NLR Aleph) 022466025
090 _a13366515
_c13366515
100 _a20250221d2024 u y0rusy50 ca
101 1 _arus
_ckor
102 _aRU
105 _aa t 000ay
200 0 _aТ. 3
210 _d2024
215 _a282, [6] с.
_cцв. ил.
461 0 _1001RU\NLR\BIBL_A\022337001
_12001#$aОднажды я стала принцессой$eвебтун$fавтор истории Плутос$gперевод с корейского Юлии Казаковой$gхудожник Спун$vТ. 3
_1700#0$aПлутос$cпсевдоним$3RU\NLR\AUTH\770272863
_913258393
_aПлутос (псевдоним)
_cМосква
_d2024
_fавтор истории Плутос
_nАСТ
_oвебтун
_tОднажды я стала принцессой
_y978-5-17-16211-2
_vТ. 3
942 _cBOOK
980 _aNB